000 00715nam a2200289Ia 4500
005 20260324133758.0
008 008 260324s9999 xx 000 0 eng d
020 _a9781315199085
037 _aEBOOK
040 _aCRL
040 _beng
040 _cCRL
041 _2eng
041 _aeng
084 _qCRL
100 _aHarun Arikan
_91186154
245 0 _aTurkey and the EU: An Awkward Candidate for EU Membership?
245 3 _bAn Awkward Candidate for EU Membership?
260 _bTaylor and Francis
260 _c2003
365 _a
365 _b130
856 _uhttp://www.taylorfrancis.com/books/9781315199085
942 _cEBOOK
999 _c1793762
_d1793762